书目信息 |
| 题名: |
生物衰老:研究方法与实验方案
|
|
| 作者: | 托儿夫波 ;王卓然 , 于皓月 , 王钊 译 | |
| 分册: | ||
| 出版信息: | 北京 科学出版社 2012 |
|
| 页数: | 317 | |
| 开本: | 26cm | |
| 丛书名: | ||
| 单 册: | ||
| 中图分类: | Q41 | |
| 科图分类: | ||
| 主题词: | 普通生理学 | |
| 电子资源: | ||
| ISBN: | 978-7-03-034363-5 | |
| 000 | 00747nam0 2200217 450 | |
| 001 | 1735846483 | |
| 005 | 20170410095726.48 | |
| 010 | @a978-7-03-034363-5 | |
| 100 | @a20170410d km y0chiy0120 ea | |
| 101 | 0 | @achi |
| 200 | 1 | @a生物衰老:研究方法与实验方案@Asheng wu shuai lao:yan jiu fang fa yu shi yan fang an@f(美)托儿夫波@F(mei)tuo er fu bo@g王钊,于皓月,王卓然译@Gwang zhao,yu hao yue,wang zhuo ran yi |
| 210 | @a北京@c科学出版社@d2012 | |
| 215 | @a317@d26cm | |
| 606 | 0 | @a普通生理学 |
| 690 | @aQ41@v4 | |
| 701 | 0 | @a托儿夫波@Atuo er fu bo |
| 702 | 0 | @a王卓然@Awang zhuo ran@4译 |
| 702 | 0 | @a于皓月@Ayu hao yue@4译 |
| 702 | 0 | @a王钊@Awang zhao@4译 |
| 801 | 0 | @aCN@b大连网信软件有限公司图书馆·11@c20170410 |
| 905 | @b6604019@dQ41@en3@f1 | |
| 生物衰老:研究方法与实验方案/(美)托儿夫波/王钊,于皓月,王卓然译.-北京:科学出版社,2012 |
| 317;26cm |
| ISBN 978-7-03-034363-5: |
| ● |
| 相关链接 |
|
|
|
|
正题名:生物衰老:研究方法与实验方案
索取号:Q41/n3
 
预约/预借
| 序号 | 登录号 | 条形码 | 馆藏地/架位号 | 状态 | 备注 |
| 1 | 6604019 | 266040198 | 密集书库-生命科学系/ [索取号:Q41/n3] | 在馆 |